[Event "Altenkirchen Seniors op 18th"]
[Site "Altenkirchen"]
[Date "2021.07.06"]
[Round "5"]
[White "Boeven, Manfred"]
[Black "Heid, Michael"]
[Result "0-1"]
[WhiteElo "2037"]
[BlackElo "1942"]
[PlyCount "84"]
[EventDate "2021.07.02"]
[EventType "swiss"]
[EventRounds "9"]
[EventCountry "GER"]
[SourceTitle "CBM 203 Extra"]
[Source "ChessBase"]
[SourceDate "2021.09.30"]
[SourceVersion "1"]
[SourceVersionDate "2021.09.30"]
[SourceQuality "1"]

1. d4 e6 2. Nc3 d5 3. Nf3 c6 4. e4 Nf6 5. Bd3 Be7 6. 0-0 a6 7. a4 dxe4 8. Nxe4 Nxe4 9. Bxe4 Nd7 10. Qe2 Nf6 11. Bd3 h6 12. Rd1 Qc7 13. Ne5 c5 14. Bf4 Qb6 15. Nc4 Qc6 16. a5 Nd5 17. Bg3 cxd4 18. Be4 Bd7 19. Bxd5 exd5 20. Ne5 Qb5 21. Qxb5 Bxb5 22. Rxd4 Rd8 23. Re1 0-0 24. Nd3 Rfe8 25. f3 Rc8 26. c3 Bc4 27. Nf2 Bc5 28. Rdd1 Bb3 29. Ra1 f5 30. Be5 Kf7 31. Bd4 Rxe1+ 32. Rxe1 Bxd4 33. cxd4 Rc4 34. Nd3 Rxd4 35. Nc5 Rb4 36. Re3 Bc4 37. b3 d4 38. Re5 Bxb3 39. Rxf5+ Ke7 40. Rf4 Bc2 41. Kf2 Rb5 42. Ne4 Rxa5 0-1

[Event "Altenkirchen Seniors op 18th"]
[Site "Altenkirchen"]
[Date "2021.07.02"]
[Round "1"]
[White "Boeven, Manfred"]
[Black "Hoefer, Heijo"]
[Result "1-0"]
[WhiteElo "2037"]
[BlackElo "1767"]
[PlyCount "87"]
[EventDate "2021.07.02"]
[EventType "swiss"]
[EventRounds "9"]
[EventCountry "GER"]
[SourceTitle "CBM 203 Extra"]
[Source "ChessBase"]
[SourceDate "2021.09.30"]
[SourceVersion "1"]
[SourceVersionDate "2021.09.30"]
[SourceQuality "1"]

1. d4 d5 2. Nc3 c6 3. Bg5 g6 4. Qd2 Bg7 5. e3 Nf6 6. Nf3 Bg4 7. Ne5 Bf5 8. f3 h6 9. Bxf6 exf6 10. Nd3 Bxd3 11. Bxd3 f5 12. Ne2 0-0 13. c3 Re8 14. Kf2 Nd7 15. Rae1 Nf6 16. Ng3 Qc7 17. h4 h5 18. Ne2 Re7 19. Nf4 Rae8 20. Re2 Bh6 21. Rhe1 a6 22. g3 c5 23. dxc5 Qxc5 24. Bc2 Bxf4 25. gxf4 b5 26. Qd4 Qxd4 27. exd4 Rxe2+ 28. Rxe2 Kf8 29. Re5 Re7 30. Bb3 Ke8 31. Bxd5 Rxe5 32. Bc6+ Kd8 33. fxe5 Ng8 34. Ke3 Ne7 35. Ba8 Kd7 36. f4 Ke6 37. b3 Nd5+ 38. Bxd5+ Kxd5 39. Kd3 Ke6 40. c4 b4 41. d5+ Kd7 42. c5 a5 43. Kd4 Kd8 44. e6 1-0

[Event "GER-ch Seniors 65 31st"]
[Site "Radebeul"]
[Date "2019.05.01"]
[Round "6"]
[White "Schubert, Joachim"]
[Black "Boeven, Manfred"]
[Result "0-1"]
[WhiteElo "1863"]
[BlackElo "2066"]
[PlyCount "146"]
[EventDate "2019.04.26"]
[EventType "swiss"]
[EventRounds "9"]
[EventCountry "GER"]
[SourceTitle "CBM 190 Extra"]
[Source "ChessBase"]
[SourceDate "2019.07.15"]
[SourceVersion "1"]
[SourceVersionDate "2019.07.15"]
[SourceQuality "1"]

1. e4 c5 2. Nf3 e6 3. d4 cxd4 4. Nxd4 Nc6 5. Be3 Nf6 6. Nc3 Qc7 7. Be2 a6 8. 0-0 Bb4 9. Bf3 Ne5 10. Nde2 0-0 11. a3 Bd6 12. Ng3 b5 13. Be2 Nc4 14. Bc1 Bb7 15. Bd3 Be5 16. Qe1 Rac8 17. Nd1 Ng4 18. c3 Bf4 19. Qe2 Bxc1 20. Rxc1 Qf4 21. Ra1 Nce5 22. Bc2 Nxh2 23. Kxh2 Qh4+ 24. Kg1 Ng4 25. Re1 f5 26. Ne3 Qh2+ 27. Kf1 Nxe3+ 28. Qxe3 f4 29. Qd3 fxg3 30. f3 Qh1+ 31. Ke2 Qxg2+ 32. Kd1 Qxf3+ 33. Kd2 Qxd3+ 34. Bxd3 Rf2+ 35. Be2 Rcf8 36. Rg1 Bxe4 37. Rxg3 Bf3 38. Re1 Bxe2 39. Rxe2 Rxe2+ 40. Kxe2 Rf5 41. Ke3 Kf7 42. Rg4 h5 43. Rd4 Ke7 44. c4 bxc4 45. Rxc4 Kd6 46. a4 h4 47. Rd4+ Ke7 48. Rg4 g5 49. b4 Rf4 50. Rxg5 Rxb4 51. Ra5 Rb6 52. Rh5 Rb3+ 53. Kd2 Ra3 54. Rxh4 d5 55. Kc2 Kd6 56. Kb2 Rf3 57. Rb4 Kc6 58. a5 Re3 59. Rb6+ Kc5 60. Rxa6 Kb5 61. Ra8 Re4 62. Kc3 Rc4+ 63. Kd3 e5 64. Ke3 Rc3+ 65. Kd2 Ra3 66. Re8 e4 67. Ra8 Rxa5 68. Rb8+ Kc4 69. Ke3 Ra3+ 70. Kf4 Rf3+ 71. Ke5 e3 72. Rd8 e2 73. Rc8+ Kd3 0-1

[Event "GER-ch Seniors 65 31st"]
[Site "Radebeul"]
[Date "2019.04.26"]
[Round "1"]
[White "Lichtblau, Ernst"]
[Black "Boeven, Manfred"]
[Result "0-1"]
[WhiteElo "1729"]
[BlackElo "2066"]
[PlyCount "66"]
[EventDate "2019.04.26"]
[EventType "swiss"]
[EventRounds "9"]
[EventCountry "GER"]
[SourceTitle "CBM 190 Extra"]
[Source "ChessBase"]
[SourceDate "2019.07.15"]
[SourceVersion "1"]
[SourceVersionDate "2019.07.15"]
[SourceQuality "1"]

1. Nf3 d5 2. b3 Nc6 3. Bb2 Bg4 4. h3 Bxf3 5. exf3 e5 6. Bb5 Qg5 7. 0-0 Bd6 8. Re1 Nge7 9. d3 0-0 10. Qd2 Qh4 11. Bxc6 Nxc6 12. Nc3 d4 13. Ne4 Be7 14. a4 f5 15. Ng3 Bb4 16. c3 dxc3 17. Bxc3 Bc5 18. Nh1 Rad8 19. b4 Nxb4 20. Bxb4 Bxb4 21. Qa2+ Kh8 22. Rxe5 Bc3 23. Rb5 Bxa1 24. Qxa1 Rxd3 25. Ng3 Rfd8 26. Qe5 Rd1+ 27. Kh2 Qd4 28. Qxf5 Qxf2 29. Nh5 R1d2 30. Qg4 Qd4 31. Qg5 Qd6+ 32. Re5 Qg6 33. Re8+ Rxe8 0-1

[Event "GER-chA Seniors 28th"]
[Site "Niederhausen"]
[Date "2016.08.14"]
[Round "2"]
[White "Boeven, Manfred"]
[Black "Seyfried, Claus"]
[Result "0-1"]
[WhiteElo "2067"]
[BlackElo "2148"]
[PlyCount "66"]
[EventDate "2016.08.13"]
[EventType "swiss"]
[EventRounds "9"]
[EventCountry "GER"]
[SourceTitle "EXT 2019"]
[Source "ChessBase"]
[SourceDate "2018.10.10"]
[SourceVersion "1"]
[SourceVersionDate "2018.10.10"]
[SourceQuality "1"]

1. d4 e6 2. Nc3 c5 3. d5 Nf6 4. e4 exd5 5. Nxd5 Nxd5 6. Qxd5 Be7 7. Nf3 0-0 8. Bg5 Nc6 9. c3 d6 10. Bb5 Bd7 11. Qd2 Re8 12. 0-0-0 Qa5 13. Bc4 Bf8 14. Bf4 Be6 15. Bd5 Bxd5 16. Qxd5 Ne7 17. Qb3 Ng6 18. Bxd6 b5 19. Bxf8 Nxf8 20. Rd5 Ne6 21. Rhd1 Rab8 22. Ng5 Nxg5 23. Rxg5 Qc7 24. Qd5 Qf4+ 25. Qd2 Qxe4 26. Rxc5 b4 27. f3 Qe6 28. c4 h6 29. b3 Qf6 30. Rd5 Qa1+ 31. Kc2 Qxa2+ 32. Kd3 Qxb3+ 33. Kd4 Rbc8 0-1

[Event "GER-chA Seniors 27th"]
[Site "Magdeburg"]
[Date "2015.08.23"]
[Round "9"]
[White "Aigner, Georg"]
[Black "Boeven, Manfred"]
[Result "1-0"]
[WhiteElo "1891"]
[BlackElo "2102"]
[PlyCount "55"]
[EventDate "2015.08.15"]
[EventType "swiss"]
[EventRounds "9"]
[EventCountry "GER"]
[SourceTitle "EXT 2018"]
[Source "ChessBase"]
[SourceDate "2017.10.13"]
[SourceVersion "1"]
[SourceVersionDate "2017.10.13"]
[SourceQuality "1"]

1. e4 c5 2. Nf3 e6 3. d4 cxd4 4. Nxd4 Nc6 5. Nxc6 bxc6 6. Bd3 d5 7. 0-0 Nf6 8. e5 Nd7 9. f4 Be7 10. Qh5 Ba6 11. Qe2 Bxd3 12. cxd3 0-0 13. Be3 c5 14. Nd2 f6 15. d4 fxe5 16. fxe5 Qb6 17. Nf3 cxd4 18. Bxd4 Bc5 19. Bxc5 Qxc5+ 20. Kh1 Rac8 21. Qa6 Rc6 22. Qb7 Rc7 23. Qa6 Nb6 24. h3 h6 25. a4 Qc4 26. Qa5 Rc5 27. Qxa7 Qb4 28. Qe7 1-0

[Event "GER-chA Seniors 27th"]
[Site "Magdeburg"]
[Date "2015.08.22"]
[Round "8"]
[White "Boeven, Manfred"]
[Black "Mueller, Klaus2222"]
[Result "1/2-1/2"]
[WhiteElo "2102"]
[BlackElo "1999"]
[PlyCount "49"]
[EventDate "2015.08.15"]
[EventType "swiss"]
[EventRounds "9"]
[EventCountry "GER"]
[SourceTitle "EXT 2018"]
[Source "ChessBase"]
[SourceDate "2017.10.13"]
[SourceVersion "1"]
[SourceVersionDate "2017.10.13"]
[SourceQuality "1"]

1. d4 d5 2. Nc3 Bf5 3. f3 e6 4. e4 Bg6 5. h4 h6 6. h5 Bh7 7. exd5 exd5 8. Bd3 Bxd3 9. Qxd3 c6 10. Bd2 Bd6 11. 0-0-0 Ne7 12. g4 Qc7 13. Nce2 Nd7 14. Nh3 0-0-0 15. g5 c5 16. gxh6 gxh6 17. Bf4 c4 18. Qd2 Bxf4 19. Qxf4 Qxf4+ 20. Nhxf4 Nf6 21. Nc3 Rhg8 22. Rhg1 Rxg1 23. Rxg1 Nf5 24. Nce2 Kc7 25. c3 1/2-1/2

[Event "GER-chA Seniors 26th"]
[Site "Bad Neuenahr"]
[Date "2014.08.12"]
[Round "8"]
[White "Boeven, Manfred"]
[Black "Gerhards, Walter"]
[Result "1-0"]
[WhiteElo "2173"]
[BlackElo "1942"]
[PlyCount "77"]
[EventDate "2014.08.05"]
[EventType "swiss"]
[EventRounds "9"]
[EventCountry "GER"]
[SourceTitle "EXT 2018"]
[Source "ChessBase"]
[SourceDate "2017.10.13"]
[SourceVersion "1"]
[SourceVersionDate "2017.10.13"]
[SourceQuality "1"]

1. d4 d5 2. Nc3 Nf6 3. Bg5 e6 4. Nf3 Be7 5. e3 0-0 6. Bd3 Nbd7 7. 0-0 c5 8. Ne5 h6 9. Bh4 a6 10. a3 Nxe5 11. dxe5 Nd7 12. Bxe7 Qxe7 13. f4 b5 14. Qh5 c4 15. Be2 f5 16. exf6 Nxf6 17. Qe5 Nd7 18. Qd4 Bb7 19. Bf3 Qc5 20. Qxc5 Nxc5 21. Ne2 Rad8 22. Nd4 Rf6 23. Rad1 Kf8 24. g3 Ke7 25. Bg2 Rdf8 26. b3 Nd7 27. bxc4 bxc4 28. Rb1 Rb8 29. Rb4 Rff8 30. Bh3 Nc5 31. Rfb1 Kd7 32. Nxe6 Nxe6 33. Bxe6+ Kc7 34. Rd1 Rbd8 35. Bh3 Rd6 36. c3 Rff6 37. Rdb1 Bc6 38. Rb8 g5 39. Rc8# 1-0

[Event "Sachsen-Anhalt-ch Seniors 22nd"]
[Site "Halberstadt"]
[Date "2014.05.30"]
[Round "6"]
[White "Andersen, Knut"]
[Black "Boeven, Manfred"]
[Result "0-1"]
[WhiteElo "1964"]
[BlackElo "2069"]
[PlyCount "58"]
[EventDate "2014.05.25"]
[EventType "swiss"]
[EventRounds "7"]
[EventCountry "GER"]
[SourceTitle "EXT 2018"]
[Source "ChessBase"]
[SourceDate "2017.10.13"]
[SourceVersion "1"]
[SourceVersionDate "2017.10.13"]
[SourceQuality "1"]

1. c4 e5 2. g3 Nf6 3. Bg2 c6 4. d4 exd4 5. Qxd4 d5 6. Bg5 Be7 7. Nf3 h6 8. Bd2 0-0 9. 0-0 Ne4 10. cxd5 cxd5 11. Nc3 Nc6 12. Qa4 Bf5 13. Rad1 Nc5 14. Qf4 Bc2 15. Rc1 Be4 16. Be3 f5 17. Bxc5 Bxc5 18. Qd2 Bb6 19. Rfd1 d4 20. Na4 Ba5 21. b4 Bxb4 22. Qb2 Qa5 23. Qb3+ Bd5 24. Qc2 Rac8 25. Nc5 Ne7 26. Nb3 Rxc2 27. Nxa5 Rxc1 28. Rxc1 Bxa5 29. Rc5 Bb6 0-1

[Event "Braunau op-A 11th"]
[Site "Ranshofen"]
[Date "2012.08.10"]
[Round "8"]
[White "Boeven, Manfred"]
[Black "Ager, Josef"]
[Result "1/2-1/2"]
[WhiteElo "2160"]
[BlackElo "2170"]
[PlyCount "51"]
[EventDate "2012.08.04"]
[EventType "swiss"]
[EventRounds "9"]
[EventCountry "AUT"]
[SourceTitle "CBM 149 Extra"]
[Source "ChessBase"]
[SourceDate "2012.08.24"]
[SourceVersion "1"]
[SourceVersionDate "2012.08.24"]
[SourceQuality "1"]

1. d4 c5 2. dxc5 Na6 3. e4 Nxc5 4. Nc3 d6 5. Be3 b6 6. Nf3 e6 7. Bb5+ Bd7 8. Qe2 a6 9. Bxd7+ Qxd7 10. Rd1 Qc7 11. 0-0 Nf6 12. Bf4 Nfd7 13. Qd2 Nb7 14. Rfe1 Ne5 15. Nxe5 dxe5 16. Bxe5 Qc6 17. Bf4 Bb4 18. Be5 f6 19. a3 Be7 20. Bd4 Na5 21. Qe2 0-0 22. e5 f5 23. Na2 Nc4 24. Nb4 Qc7 25. Nd3 Rfe8 26. f4 1/2-1/2

[Event "GER-ch Seniors 23rd"]
[Site "Halle"]
[Date "2011.08.10"]
[Round "6"]
[White "Bieberle, Gerhart"]
[Black "Boeven, Manfred"]
[Result "0-1"]
[WhiteElo "1898"]
[BlackElo "2169"]
[PlyCount "40"]
[EventDate "2011.08.05"]
[EventType "swiss"]
[EventRounds "9"]
[EventCountry "GER"]
[SourceTitle "CBM 144 Extra"]
[Source "ChessBase"]
[SourceDate "2011.10.28"]
[SourceVersion "1"]
[SourceVersionDate "2011.10.28"]
[SourceQuality "1"]

1. d4 d5 2. c4 Bf5 3. Qb3 e5 4. Qxb7 Nd7 5. Qxd5 Rb8 6. Nc3 Ne7 7. Qf3 exd4 8. Nb5 Nc5 9. Bf4 Ne6 10. 0-0-0 Qd7 11. e3 Ng6 12. Nxd4 Nxd4 13. exd4 Qa4 14. b3 Ba3+ 15. Kd2 Bb4+ 16. Ke3 Qxa2 17. Qc6+ Bd7 18. Qe4+ Kd8 19. Qb1 Bd2+ 20. Kf3 Rxb3+ 0-1

[Event "Oberfranken-ch Seniors"]
[Site "Bischofsgruen"]
[Date "2009.06.13"]
[Round "9"]
[White "Boeven, Manfred"]
[Black "Barlo, Werner"]
[Result "1/2-1/2"]
[WhiteElo "2154"]
[BlackElo "1930"]
[PlyCount "98"]
[EventDate "2009.06.05"]
[EventType "swiss"]
[EventRounds "9"]
[EventCountry "GER"]
[SourceTitle "EXT 2012"]
[Source "ChessBase"]
[SourceDate "2011.11.24"]
[SourceVersion "1"]
[SourceVersionDate "2011.11.24"]
[SourceQuality "1"]

1. d4 d5 2. Nc3 Bf5 3. f3 Nf6 4. Bg5 Nbd7 5. e3 c6 6. h4 h6 7. Bf4 e6 8. Qd2 Qa5 9. g4 Bh7 10. Bd3 Bxd3 11. cxd3 c5 12. dxc5 Bxc5 13. d4 Bb4 14. Nge2 Nb6 15. Kf2 Nc4 16. Qc2 Rc8 17. Rac1 Bd6 18. b3 Na3 19. Qb2 Bb4 20. Nxd5 0-0 21. Nxf6+ gxf6 22. Bxh6 Rfe8 23. Rxc8 Rxc8 24. Rc1 Rd8 25. g5 Nb5 26. Qc2 f5 27. a4 Nd6 28. Qc7 b5 29. Qxa5 Bxa5 30. Nf4 bxa4 31. bxa4 Rb8 32. Nd3 Rc8 33. Rxc8+ Nxc8 34. Ne5 Nb6 35. Nc6 Bc3 36. h5 a5 37. g6 fxg6 38. hxg6 Bb4 39. Ke2 Nxa4 40. Nxb4 Nc3+ 41. Kd3 axb4 42. e4 fxe4+ 43. fxe4 Nb5 44. d5 exd5 45. exd5 b3 46. Bc1 Kg7 47. Kc4 Nd6+ 48. Kxb3 Kxg6 49. Kb4 Kf5 1/2-1/2